Responses for Show #3442 - Tuesday, July 20, 1999

Contestants

[<< previous game]

Paul Graff, a hydrogeologist from Rockland, California

Martha Raphelson, a homemaker from Bloomfield Hills, Michigan

Shane Richman, a farmer from Scholls, Oregon (whose 1-day cash winnings total $6,000)

[next game >>]

Jeopardy! Round responses

MUSEUMS
MOVIE SONGS
ANAGRAMMED STATE CAPITALS
HODGEPODGE
4-LETTER CLOTHES
COCKNEY RHYMING SLANG
    $100 11
Mississippi River

Martha
    $100 1
"Yellow Submarine"

Martha
    $100 21
Honolulu

Shane
    $100 6
Alfred E. Neuman

Shane
    $100 16
Gown

Martha
    $100 23
Wife

Shane
    $200 12
Surfing

Shane
    $200 2
Doctor Dolittle

Martha
    $200 22
Boston

Martha
    $200 7
Dennis Rodman

Martha
    $200 17
Vest

Paul
    $200 24
(Martha: What is food?)

money (cash)

Martha
Triple Stumper
    $300 13
Rodeo

Martha
    $300 3
Frank Sinatra

Paul
    $300 28
Trenton

Martha
    $300 8
Duct tape

Shane
    $300 18
Tutu

Martha
    $300 25
(Alex: Less than a minute to go.)

a coat

Paul
    $400 14
Frederick's of Hollywood

Paul
    $400 4
"I Will Always Love You"

Martha
    $400 29
Dover

Shane
    $400 9
Anne Frank

Martha
    $400 19
Slip

Paul
    $400 26
(Martha: What is shandy?)

brandy

ShaneMartha
    $500 15
Barrios

Triple Stumper
    $500 5
"Wind Beneath My Wings"

Shane
    $500 30
Austin

Martha
    $500 10
(Shane: What is the U.S.?)

Denmark

Shane
Triple Stumper
    $800 20
(Paul: What is a hat?)

the robe

Paul
    $500 27
Pocket

Shane

Scores at the first commercial break (after clue 15):

Shane Martha Paul
$600 $1,700 $700

Scores at the end of the Jeopardy! Round:

Shane Martha Paul
$2,100 $2,500 $800

Double Jeopardy! Round responses

MYTHOLOGY
(Alex: Good subject!)
FUNNY MEN
(Alex: Better subject!)
LATIN AMERICAN HISTORY
CELEBRITY RELATIVES
HERE COMES THE SUPREME COURT JUSTICE!
"DIS" IS FOR REAL!
    $200 1
Aztecs

Shane
    $200 8
Lenny Bruce

Shane
    $200 6
Brazil

Shane
    $200 14
Grace Kelly

Martha
    $200 26
Earl Warren

Paul
    $200 19
Discount

Martha
    $400 2
Helen

Shane
    $400 9
Benny Hill

Paul
    $400 7
Guantanamo Bay

Martha
    $400 15
John & Michelle Phillips

Shane
    $400 27
John Marshall

Martha
    $400 20
Dishonorable

Shane
    $600 3
Egypt

Paul
    $600 10
Julius

Triple Stumper
    $600 11
Haiti

Martha
    $600 16
Clint Eastwood

Martha
    $700 28
Thurgood Marshall

Martha
    $600 21
Discretion

Paul
    $800 4
Laertes

Shane
    $800 12
Charlie Chaplin

Martha
    $800 24
Belize

Triple Stumper
    $800 17
Larry Hagman

Martha
    $800 29
Ronald Reagan

Martha
    $800 22
Distemper

Martha
    $1000 5
Loki

Paul
    $1000 13
Fatty Arbuckle

Shane
    $2,000 25
Francisco Pizarro

Paul
    $1000 18
Corbin Bernsen

Martha
    $1000 30
(Paul: Who is Antonin?)

Stephen Breyer

Paul
Triple Stumper
    $1000 23
Distinguished Service Medal

Paul

Scores at the end of the Double Jeopardy! Round:

Shane Martha Paul
$5,700 $9,800 $5,600

[wagering suggestions for these scores]

Final Jeopardy! Round responses

THE ANIMAL KINGDOM
PaulWhat is the spermwhale
$2,700
ShaneWhat is the Porpoise
$5,700
MarthaWhat is the porpoise
$1,700
Narwhal

Final scores:

Shane Martha Paul
$0 $8,100 $2,900
3rd place: Vivitar Sport Travel Kit New champion: $8,100 2nd place: Trip to Guatemala City Marriott

Game dynamics:

Coryat scores:

Shane Martha Paul
$5,700 $9,700 $5,400
17 R,
1 W
24 R
(including 1 DD),
2 W
12 R
(including 1 DD),
2 W
(including 1 DD)

Combined Coryat: $20,800

[game clues] [game scores] [suggest correction]

Game tape date: Unknown
The J! Archive is created by fans, for fans. Scraping, republication, monetization, and malicious use prohibited; this site may use cookies and collect identifying information. See terms. The Jeopardy! game show and all elements thereof, including but not limited to copyright and trademark thereto, are the property of Jeopardy Productions, Inc. and are protected under law. This website is not affiliated with, sponsored by, or operated by Jeopardy Productions, Inc. Join the discussion at JBoard.tv.